000
00300nam a22001217a 4500
008
160505b xxu||||| |||| 00| 0 eng d
020
_a
9780323083744
020
_a
9780323083744
041
_a
eng
080
_a
61
245
_a
Ferris clinical advisor:
_c
Fred F. Ferri M.D. F.A. C.P;
942
_2
udc
_c
BK
999
_c
1828
_d
1828